书目信息 |
| 题名: |
ASP.NET 2.0快速入门及实例精选
|
|
| 作者: | 苏贵洋 , 马颖华 , 袁艺 编著 | |
| 分册: | ||
| 出版信息: | 北京 电子工业出版社 2008.03 |
|
| 页数: | 15, 517页 | |
| 开本: | 26cm | |
| 丛书名: | ||
| 单 册: | ||
| 中图分类: | TP393.092 | |
| 科图分类: | ||
| 主题词: | 主页制作--zhu ye zhi zuo--程序设计 | |
| 电子资源: | ||
| ISBN: | 978-7-121-05505-8 | |
| 000 | 01031nam0 2200265 450 | |
| 001 | 012008486497 | |
| 005 | 20080901100923.14 | |
| 010 | @a978-7-121-05505-8@dCNY55.00 (含光盘) | |
| 010 | @a978-7-89485-646-3@b光盘 | |
| 100 | @a20080901d2008 em y0chiy0120 ea | |
| 101 | 0 | @achi |
| 102 | @aCN@b110000 | |
| 105 | @aa z 000yy | |
| 106 | @ar | |
| 200 | 1 | @aASP.NET 2.0快速入门及实例精选@AASP.NET 2.0 kuai su ru men ji shi li jing xuan@f苏贵洋, 马颖华, 袁艺编著@Fsu gui yang,ma ying hua,yuan yi bian zhu |
| 210 | @a北京@c电子工业出版社@d2008.03 | |
| 215 | @a15, 517页@c图@d26cm@e光盘1片 | |
| 330 | @a本书在基础篇(第1-12章)中以浅显的方式讲解ASP.NET 2.0的基本知识和各种控件,并提供相应的示例。在实验篇(包含35个具体实例)中,详细讲解了ASP.NET 2.0的各种应用。 | |
| 606 | 0 | @a主页制作@Azhu ye zhi zuo@x程序设计 |
| 690 | @aTP393.092@v4 | |
| 701 | 0 | @a苏贵洋@Asu gui yang@4编著 |
| 701 | 0 | @a马颖华@Ama ying hua@4编著 |
| 701 | 0 | @a袁艺@Ayuan yi@4编著 |
| 801 | 0 | @aCN@bQSSK@c20080901 |
| 905 | @b733186-88@dTP393.092@eS806@f3 | |
| ASP.NET 2.0快速入门及实例精选/苏贵洋, 马颖华, 袁艺编著.-北京:电子工业出版社,2008.03 |
| 15, 517页:图;26cm+光盘1片 |
| ISBN 978-7-121-05505-8:CNY55.00 (含光盘) |
| 本书在基础篇(第1-12章)中以浅显的方式讲解ASP.NET 2.0的基本知识和各种控件,并提供相应的示例。在实验篇(包含35个具体实例)中,详细讲解了ASP.NET 2.0的各种应用。 |
| ● |
| 相关链接 |
|
|
|
正题名:ASP.NET 2.0快速入门及实例精选
索取号:TP393.092/S806
 
预约/预借
| 序号 | 登录号 | 条形码 | 馆藏地/架位号 | 状态 | 备注 |
| 1 | 733186 | 207331868 | 期刊室512/301自科库 128排2列2层/ [索取号:TP393.092/S806] | 在馆 | |
| 2 | 733187 | 207331877 | 自科库301/301自科库 128排2列2层/ [索取号:TP393.092/S806] | 在馆 | |
| 3 | 733188 | 207331886 | 自科二线504/504自科库 10排1列2层/ [索取号:TP393.092/S806] | 在馆 |